[Event "II Festival ASDEC A"]
[Site "Messina ITA"]
[Date "2012.09.01"]
[Round "8"]
[White "Trimarchi, Giuseppe"]
[Black "Favaloro, Andrea"]
[WhiteElo "1853"]
[BlackElo "1760"]
[Result "0-1"]
[PlyCount "106"]
[EventDate "2012.08.27"]

1. Nf3 Nf6 2. g3 g6 3. Bg2 Bg7 4. O-O d6 5. c4 O-O 6. Nc3 c5 7. d4 Nc6 8. h3
cxd4 9. Nxd4 Nxd4 10. Qxd4 Be6 11. Qd3 Rc8 12. Nd5 Nxd5 13. cxd5 Bd7 14. Qb3 b5
15. Be3 a5 16. Rac1 a4 17. Qb4 Rc4 18. Rxc4 bxc4 19. Qxc4 Bxb2 20. Rb1 a3 21.
Bd4 Qc8 22. Qxc8 Rxc8 23. Bxb2 Rb8 24. Be4 Rxb2 25. Ra1 Bxh3 26. Bd3 Bf5 27. e4
Rd2 28. exf5 Rxd3 29. fxg6 hxg6 30. Re1 Kf8 31. Re2 Rxd5 32. Re3 Ra5 33. Kf1 e5
34. Ke2 Ke7 35. Kd2 Ke6 36. Kc3 d5 37. Kb4 Ra7 38. Rxa3 Rxa3 39. Kxa3 d4 40.
Kb4 Kd5 41. a4 d3 42. Kc3 e4 43. g4 f5 44. g5 Kc5 45. Kb3 Kb6 46. Kc3 Ka6 47.
Kd2 Ka5 48. f3 Kxa4 49. Ke3 Kb3 50. fxe4 fxe4 51. Kxe4 d2 52. Ke5 d1=Q 53. Kf6
Qd3 0-1

[Event "II Festival ASDEC A"]
[Site "Messina ITA"]
[Date "2012.09.01"]
[Round "8"]
[White "Velardi, Giovanni"]
[Black "Tricomi, Massimo"]
[WhiteElo "1826"]
[BlackElo "1837"]
[Result "1-0"]
[PlyCount "129"]
[EventDate "2012.08.27"]

1. d4 b6 2. Nf3 Bb7 3. Bf4 e6 4. e3 d6 5. Bd3 g6 6. c4 Bg7 7. O-O Ne7 8. Nc3
Nd7 9. e4 h6 10. Qe2 g5 11. Be3 Ng6 12. e5 Nf4 13. Bxf4 gxf4 14. exd6 cxd6 15.
Be4 Bxe4 16. Qxe4 Nf6 17. Qxf4 a6 18. Ne4 Nxe4 19. Qxe4 O-O 20. Rac1 Qd7 21. b3
Rfd8 22. Qd3 b5 23. cxb5 axb5 24. Rc2 Ra7 25. d5 Rda8 26. dxe6 Qxe6 27. Re1 Qd7
28. Qe2 b4 29. h3 Bc3 30. Rd1 Ra6 31. Nd4 Ra5 32. Rd3 Re5 33. Qf3 Ra6 34. Ne2
Rf5 35. Qg4+ Kf8 36. Nxc3 bxc3 37. Rdxc3 Qe6 38. Rc8+ Ke7 39. Re2 Re5 40. Rc7+
Kd8 41. Qxe6 Rxe6 42. Rxe6 fxe6 43. Rc2 d5 44. Kf1 d4 45. Ke2 Rd6 46. Kd3 Ke7
47. b4 e5 48. f3 Rb6 49. Rb2 Kd6 50. a4 Rc6 51. Rc2 Ra6 52. a5 Kd5 53. Rc5+ Ke6
54. Ke4 Rd6 55. Rxe5+ Kf6 56. Rh5 Kg6 57. Rc5 d3 58. Rc1 d2 59. Rd1 Kg5 60. Ke3
Re6+ 61. Kxd2 Kf4 62. Kc3 Kg3 63. Rd2 Re3+ 64. Kc4 Ra3 65. Kb5 1-0

[Event "II Festival ASDEC A"]
[Site "Messina ITA"]
[Date "2012.09.01"]
[Round "8"]
[White "Zimmer, Hans-Werner"]
[Black "Alfarone, Giovanni"]
[WhiteElo "1994"]
[BlackElo "1992"]
[Result "0-1"]
[PlyCount "70"]
[EventDate "2012.08.27"]

1. e4 d6 2. d4 Nf6 3. Nc3 g6 4. f3 c6 5. Be3 b5 6. a4 b4 7. Nb1 Ba6 8. Bd3 Bxd3
9. Qxd3 Bg7 10. Ne2 O-O 11. O-O Nbd7 12. Nd2 c5 13. c3 a5 14. Nb3 Qc7 15. dxc5
dxc5 16. Qc4 Rfc8 17. Rfc1 Qe5 18. cxb4 axb4 19. a5 Ne8 20. Nf4 Nd6 21. Qd5 c4
22. Nd4 e6 23. Qxe5 Nxe5 24. a6 Nc6 25. Nfe2 Ne5 26. Nc2 Nd3 27. Rd1 Bxb2 28.
Rab1 Rxa6 29. Nxb4 Nxb4 30. Rxb2 Nd3 31. Rc2 Rca8 32. Bd4 Ra2 33. Rxa2 Rxa2 34.
Nc3 Rc2 35. Bf6 Ne8 0-1